ბათუმის შოთა რუსთაველის სახელმწიფო უნივერსიტეტის ბიბლიოთეკა

Dictionnaire etymologique de la langue francaise / (ბიბ.ჩანაწერი № 36900)

000 -LEADER
fixed length control field 00777nam a2200253Ia 4500
001 - CONTROL NUMBER
control field 2851
003 - CONTROL NUMBER IDENTIFIER
control field GE_BSU
005 - DATE AND TIME OF LATEST TRANSACTION
control field 20190612150221.0
008 - FIXED-LENGTH DATA ELEMENTS--GENERAL INFORMATION
fixed length control field 181216s1996||||fr |||||||||||||| ||fre||
020 ## - INTERNATIONAL STANDARD BOOK NUMBER
International Standard Book Number 2130480918
040 ## - CATALOGING SOURCE
Transcribing agency GE_BSU
041 ## - LANGUAGE CODE
Language code of text/sound track or separate title fre
080 ## - UNIVERSAL DECIMAL CLASSIFICATION NUMBER
Universal Decimal Classification number 811.133.1(038) B-67
100 ## - MAIN ENTRY--PERSONAL NAME
Personal name Bloch, Oscar
9 (RLIN) 2451
245 ## - TITLE STATEMENT
Title Dictionnaire etymologique de la langue francaise /
Statement of responsibility, etc. Oscar Bloch; W von Wartburg.
260 ## - PUBLICATION, DISTRIBUTION, ETC.
Name of publisher, distributor, etc. Universitaires DE FRANCE
264 ## - PRODUCTION, PUBLICATION, DISTRIBUTION, MANUFACTURE, AND COPYRIGHT NOTICE
Place of production, publication, distribution, manufacture Paris:
Name of producer, publisher, distributor, manufacturer Presses Universitaires de France,
Date of production, publication, distribution, manufacture, or copyright notice 1996
300 ## - PHYSICAL DESCRIPTION
Extent 680 p. ;
Other physical details 25 см.
653 ## - INDEX TERM--UNCONTROLLED
keyword ლექსიკონი
653 ## - INDEX TERM--UNCONTROLLED
keyword ფრანგული ენა
653 ## - INDEX TERM--UNCONTROLLED
keyword ეტიმოლოგია
700 ## - ADDED ENTRY--PERSONAL NAME
Personal name Wartburg, W von
Relator term ავტორი
9 (RLIN) 2450
942 ## - ADDED ENTRY ELEMENTS (KOHA)
Koha item type წიგნი
Source of classification or shelving scheme
ეგზემპლარები
Withdrawn status Lost status Source of classification or shelving scheme Damaged status Not for loan Permanent Location Current Location Shelving location Date acquired Full call number Barcode Date last seen Copy number Price effective from Koha item type Public note
          ბათუმის შოთა რუსთაველის სახელმწიფო უნივერსიტეტის მთავარი ბიბლიოთეკა ბათუმის შოთა რუსთაველის სახელმწიფო უნივერსიტეტის მთავარი ბიბლიოთეკა წიგნსაცავი 2018-12-17 811.133.1(038) B-67 4831 2018-12-17 4831 2018-12-17 წიგნი